|
|
|
|
| LEADER |
02022nam a2200529 a 4500 |
| 001 |
000803155 |
| 003 |
CZ BrMZK |
| 005 |
20060105181954.0 |
| 007 |
ta |
| 008 |
051216s2005 gw fr 001 0 ger |
| 020 |
|
|
|a 3-487-12901-9
|q (váz.)
|
| 040 |
|
|
|a BOA001
|b cze
|
| 043 |
|
|
|a e-gx---
|
| 072 |
|
7 |
|a 14
|x Filozofické systémy a hlediska
|2 Konspekt
|9 5
|
| 080 |
|
|
|a 929
|2 MRF
|
| 080 |
|
|
|a 101-051
|2 MRF
|
| 080 |
|
|
|a 14(430)
|2 MRF
|
| 080 |
|
|
|a 141.13
|2 MRF
|
| 080 |
|
|
|a 13
|2 MRF
|
| 080 |
|
|
|a 165.745
|2 MRF
|
| 080 |
|
|
|a (430)
|2 MRF
|
| 080 |
|
|
|a (049)
|2 MRF
|
| 080 |
|
|
|a (081.1)
|2 MRF
|
| 100 |
1 |
|
|a Eucken, Rudolf,
|d 1846-1926
|7 skuk0000369
|4 aut
|
| 245 |
1 |
0 |
|a Gesammelte Werke.
|n Bd. 8,
|p Der Kampf um einen geistigen Lebensinhalt /
|c Rudolf Eucken ; mit einer Einleitung herausgegeben von Rainer A. Bast
|
| 246 |
3 |
0 |
|a Kampf um einen geistigen Lebensinhalt
|
| 260 |
|
|
|a Hildesheim :
|b Olms-Weidmann,
|c 2005
|
| 300 |
|
|
|a ix, 397 s. ;
|c 23 cm
|
| 490 |
1 |
|
|a Historia scientiarum. Philosophie und Theologie
|
| 500 |
|
|
|a Reprint: Leipzig, 1923
|
| 500 |
|
|
|a Obsahuje rejstřík
|
| 500 |
|
|
|a Podnázev svazku (na tit. s. původ. vyd.): Neue Grundlegung einer Weltanschauung
|
| 500 |
|
|
|a Na původní tit. s. uvedeno: 5., umgearb. Aufl.
|
| 600 |
1 |
7 |
|a Eucken, Rudolf,
|d 1846-1926
|7 skuk0000369
|2 czenas
|
| 650 |
0 |
7 |
|a filozofové
|7 ph117191
|z Německo
|y 19.-20. stol.
|2 czenas
|
| 650 |
0 |
7 |
|a německá filozofie
|7 ph123485
|y 19.-20. stol.
|2 czenas
|
| 650 |
0 |
7 |
|a idealismus
|7 ph114750
|z Německo
|y 19.-20. stol.
|2 czenas
|
| 650 |
0 |
7 |
|a duchovní život
|7 ph114375
|2 czenas
|
| 650 |
0 |
7 |
|a filozofie života
|7 ph120231
|2 czenas
|
| 655 |
|
7 |
|a pojednání
|7 fd133056
|2 czenas
|
| 655 |
|
7 |
|a sebrané spisy
|7 fd133355
|2 czenas
|
| 700 |
1 |
|
|a Bast, Rainer A.
|7 mzk2005318233
|4 edt
|
| 830 |
|
0 |
|a Historia scientiarum.
|p Philosophie und Theologie
|
| 910 |
2 |
|
|a BOA001
|b RP-1157.804,8
|
| 990 |
|
|
|a BK
|
| 991 |
|
|
|b 200601
|c NOV
|
| 996 |
6 |
|
|b 2610268139
|c RP-1157.804,8
|l MZK
|r Sklad / do 1 hodiny
|n 0
|p dar
|w 000803155
|u 000010
|a 1
|e BOA001
|j MZK50
|s P
|